Clueless #18 - Statistics

General Stats
  • This quiz has been taken 679 times
  • The average score is 38 of 101
Answer Stats
Word % Correct
      an      
97%
       a       
97%
       A       
97%
      the      
93%
      are      
87%
      is      
87%
    You're    
84%
    You've    
83%
     into      
82%
      and      
79%
    That's    
79%
      And      
79%
      You      
78%
     Your      
78%
      his      
77%
      we      
73%
      to      
70%
      Do      
69%
      DOO      
69%
      Doo      
69%
     doooo     
69%
      it      
66%
      It      
66%
     fifth     
61%
       1       
61%
       2       
61%
       3       
61%
       4       
61%
       5       
61%
    Season    
61%
    Seasons    
61%
      of      
60%
     man.      
58%
     man's     
58%
     that      
57%
     which     
57%
     this      
54%
     This      
54%
     There     
53%
      not      
52%
     whose     
49%
      but      
41%
   timeless    
41%
     sight     
40%
    sight,    
40%
  knowledge.  
36%
     known     
36%
   Twilight    
36%
      as      
35%
      up      
31%
     with      
30%
     Zone!     
26%
     Zone.     
26%
  dimension—  
24%
  dimension,  
24%
   dimension   
24%
     only      
23%
     just      
22%
    sound,    
21%
    things    
21%
    another    
19%
     light     
18%
     mind.     
18%
     over      
18%
     space     
18%
     call      
17%
    beyond    
12%
    Beyond    
12%
    journey    
11%
     fears     
11%
    through    
11%
    between    
10%
     area      
10%
     land      
10%
     lies      
10%
     Next      
10%
   traveling   
10%
     stop,     
9%
     vast      
9%
    moving    
8%
     door      
8%
 imagination.  
7%
    crossed    
7%
    ideas.    
7%
    shadow,    
7%
   wondrous    
7%
  boundaries  
6%
   infinity.   
6%
    shadow    
6%
     both      
5%
      key      
5%
    science    
5%
    unlock    
5%
   signpost    
5%
 superstition, 
5%
    ahead.    
4%
    ground    
4%
      pit      
4%
    summit    
4%
    middle    
3%
  substance,  
3%
No matching quizzes found
Score Distribution
Percent of People with Each Score
Percentile by Number Answered
Your Score History
You have not taken this quiz